| 000 | 00677nam a22001577a 4500 | ||
|---|---|---|---|
| 003 | OSt | ||
| 005 | 20150920091847.0 | ||
| 008 | 150920b xxu||||| |||| 00| 0 eng d | ||
| 040 | _cRUA | ||
| 082 | _aAGR CHE 2008 B038 Or.1 | ||
| 100 |
_9904 _aCHEA, VUTHEA. |
||
| 245 | _aEffect of chiken manure on lettuce in crop station of royal university of agriculture ប្រសិទ្ធភាពនៃជីលាមកមាន់លើដំណាំសាលាដនៅស្ថានីយ៍ដំណាំសាកលវិទ្យាល័យភូមិន្ទកសិកម្ម | ||
| 260 |
_aPhnom Penh _bRUA _c2008 |
||
| 300 |
_ax; 53p. _bill. _c29cm. |
||
| 942 |
_2ddc _cAGR |
||
| 999 |
_c872 _d872 |
||